[Event "Euro 2008 "]
[Site "SchemingMind.com"]
[Date "2008.06.02"]
[Round "-"]
[White "jesusch"]
[Black "andy146"]
[Result "1-0"]
[WhiteCountry "ESP"]
[BlackCountry "POL"]
[WhiteElo "1790"]
[WhiteRD "81"]
[BlackElo "1618"]
[BlackRD "62"]
[GameID "157181"]

1. e4 e6 2. d4 d5 3. Nd2 Nf6 4. e5 Nfd7 5. Ngf3 c5 6. c3 Nc6 7. Be2 cxd4 8. cxd4 Qb6 9. Nb3 Be7 10. O-O O-O
11. Bg5 f6 12. exf6 Bxf6 13. Re1 Re8 14. Bxf6 Nxf6 15. Bd3 Nb4 16. Bf1 Bd7 17. Nc5 Rac8 18. Ne5 a6 19. a3 Nc6 20. Nexd7
1-0

[Event "Euro 2008 "]
[Site "SchemingMind.com"]
[Date "2008.06.01"]
[Round "-"]
[White "Archon"]
[Black "jesusch"]
[Result "1-0"]
[WhiteCountry "CAN"]
[BlackCountry "ESP"]
[WhiteElo "1736"]
[WhiteRD "54"]
[BlackElo "1737"]
[BlackRD "81"]
[GameID "157192"]

1. e4 c5 2. Na3 e6 3. c3 d5 4. e5 Nc6 5. Nf3 Qa5 6. Nc2 Nge7 7. d3 Ng6 8. Qe2 Be7 9. Bd2 Bd7 10. g3 Qc7
11. d4 cxd4 12. cxd4 Ncxe5 13. dxe5 Qxc2 14. Bg2 Qxb2 15. O-O Bb5 16. Qe1 Bxf1 17. Bxf1 O-O 18. Rb1 Qxa2 19. Rxb7 Rab8 20. Rxb8 Rxb8
21. Kg2 Qb1 22. Qe2 h6 23. Qa6 Bc5 24. Qc6 Be7 25. Qc7 Qb6 26. Qc1 a5 27. Bd3 Bb4 28. Bxh6 gxh6 29. Qxh6 Bf8 30. Qg5 Bg7
31. h4 Qd8 32. Qg4 Kf8 33. Bxg6 fxg6 34. Qxg6 Qe8 35. Qh7 a4 36. h5 a3 37. h6 Qf7 38. hxg7+ Qxg7 39. Qc2 Ra8 40. Qc5+ Kg8
41. Qc6 Re8 42. Qxe8+ Qf8 43. Qxe6+ Kg7 44. Qxd5 Qb8 45. Qd7+ Kf8 46. Qf5+ Ke7 47. Qf6+ Kd7 48. e6+
1-0

[Event "Euro 2008 "]
[Site "SchemingMind.com"]
[Date "2008.06.02"]
[Round "-"]
[White "Archon"]
[Black "andy146"]
[Result "1-0"]
[WhiteCountry "CAN"]
[BlackCountry "POL"]
[WhiteElo "1718"]
[WhiteRD "54"]
[BlackElo "1642"]
[BlackRD "67"]
[GameID "157193"]

1. e4 e6 2. f4 d5 3. e5 Bc5 4. d4 Bb6 5. c3 c5 6. Nf3 Nc6 7. Na3 cxd4 8. cxd4 Nge7 9. Nc2 O-O 10. Bd3 Nf5
11. Bxf5 exf5 12. Be3 Qe7 13. O-O Be6 14. Qe1 Rac8 15. Rc1 f6 16. Qh4 Bf7 17. Qh3 Bg6 18. Nh4 Qf7 19. Kh1 fxe5 20. dxe5 Bd8
21. Nxg6 Qxg6 22. Nd4 Bb6 23. Nxc6 bxc6 24. Bc5 Rfe8 25. Qf3 h5 26. Ba3 Qg4 27. Qb3 Kh8 28. Rf3 h4 29. h3 Qh5 30. Bc5 Bxc5
31. Rxc5 Re6 32. Rfc3 Qe2 33. Rc1 Rg6 34. Qc2 Qe4 35. Qf2 Re6 36. a3 g5 37. fxg5 Rxe5 38. Rxc6 Rxc6 39. Rxc6 Qe1+ 40. Qxe1 Rxe1+
41. Kh2 Kg7 42. Rf6 Re5 43. Ra6 d4 44. Rxa7+ Kg6 45. Rd7 Re2 46. Rxd4 Rxb2 47. Rxh4 Ra2 48. Rh6+ Kxg5 49. Ra6 Kf4 50. Ra4+ Kg5
51. Kg3 f4+ 52. Rxf4 Rxa3+ 53. Rf3 Ra2 54. h4+ Kh5 55. Rf5+ Kg6 56. Rf2 Ra3+ 57. Rf3 Ra2 58. Kh3 Rb2 59. g4 Ra2 60. h5+ Kg5
61. Rf5+ Kh6 62. Rf6+ Kg7 63. g5 Ra4 64. h6+ Kg8 65. g6 Rb4 66. Ra6 Rf4 67. Kg3 Rf8 68. Kg4 Rc8 69. Rf6 Rc4+ 70. Kg5 Rc5+
71. Rf5 Rc8 72. h7+ Kg7 73. Rf7+ Kh8 74. Kh6
1-0

[Event "Euro 2008 "]
[Site "SchemingMind.com"]
[Date "2008.06.01"]
[Round "-"]
[White "jesusch"]
[Black "Archon"]
[Result "1-0"]
[WhiteCountry "ESP"]
[BlackCountry "CAN"]
[WhiteElo "1790"]
[WhiteRD "81"]
[BlackElo "1704"]
[BlackRD "55"]
[GameID "157194"]

1. e4 d6 2. d4 Nf6 3. Nc3 g6 4. Nf3 Bg7 5. Bd3 Nc6 6. d5 Nb4 7. Bc4 c6 8. a3 cxd5 9. exd5 Na6 10. Bb5+ Bd7
11. Bxd7+ Nxd7 12. O-O Rc8 13. Be3 Rxc3 14. bxc3 Bxc3 15. Rb1 Nac5 16. Nd4 Ne5 17. Ne2 Ba5 18. Bxc5 dxc5 19. Rxb7 Bb6 20. Qa1 Qxd5
21. Rb8+ Bd8 22. Rd1
1-0

[Event "Euro 2008 "]
[Site "SchemingMind.com"]
[Date "2008.06.03"]
[Round "-"]
[White "andy146"]
[Black "Archon"]
[Result "0-1"]
[WhiteCountry "POL"]
[BlackCountry "CAN"]
[WhiteElo "1618"]
[WhiteRD "62"]
[BlackElo "1704"]
[BlackRD "55"]
[GameID "157195"]

1. d4 d6 2. c4 e5 3. e3 Nd7 4. Bd3 g6 5. dxe5 Nxe5 6. Be2 Bg7 7. Nf3 Bg4 8. Nxe5 Bxe2 9. Qxe2 Bxe5 10. O-O Qh4
11. g3 Qh3 12. Nd2 Nf6 13. Nf3 Ng4 14. Rd1 O-O-O 15. Qf1 Qh5 16. h3 Nf6 17. g4 Nxg4 18. Qg2 Nf6 19. Rb1 Ne4 20. Bd2 Nxd2
21. Rxd2 Rde8 22. Rd5 f5 23. b3 Bf6 24. Re1 Re4 25. Nd2 Rh4 26. e4 Re8
0-1

[Event "Euro 2008 "]
[Site "SchemingMind.com"]
[Date "2008.05.31"]
[Round "-"]
[White "Stephen"]
[Black "Archon"]
[Result "0-1"]
[WhiteCountry "ENG"]
[BlackCountry "CAN"]
[WhiteElo "1829"]
[WhiteRD "97"]
[BlackElo "1704"]
[BlackRD "55"]
[GameID "157241"]

1. d4 d6 2. Nf3 g6 3. c4 Bg7 4. Nc3 Bg4 5. e3 c5 6. Be2 cxd4 7. exd4 Nh6 8. Be3 Nf5 9. h3 Bxf3 10. Bxf3 Nc6
11. Bxc6+ bxc6 12. O-O O-O 13. Rc1 Qa5 14. a3 c5 15. d5 Rfb8 16. Qc2 Nd4 17. Bxd4 Bxd4 18. Rb1 Rb6 19. Rfe1 Rb7 20. Qa4 Qxa4
21. Nxa4 Rb3 22. Rxe7 a5 23. Re2 Rab8 24. Rbe1 Bxb2 25. Nxb2 Rxb2 26. Rxb2 Rxb2 27. Re8+ Kg7 28. Ra8 Ra2 29. Rxa5 Kf6 30. f3 h5
31. Ra6 Ke5 32. Kh2 h4 33. a4 g5 34. a5 f6 35. Ra8 Kd4 36. a6 Kxc4 37. a7 Kxd5 38. Kg1 Kd4 39. Kf1 c4
0-1

[Event "Euro 2008 "]
[Site "SchemingMind.com"]
[Date "2008.06.01"]
[Round "-"]
[White "Stephen"]
[Black "jesusch"]
[Result "0-1"]
[WhiteCountry "ENG"]
[BlackCountry "ESP"]
[WhiteElo "1829"]
[WhiteRD "97"]
[BlackElo "1790"]
[BlackRD "81"]
[GameID "157242"]

1. d4 d5 2. c4 e6 3. Nc3 Nf6 4. Bg5 Nbd7 5. e3 c6 6. cxd5 exd5 7. Bd3 h6 8. Bh4 Bd6 9. Nge2 O-O 10. Qc2 Re8
11. a3 Nf8 12. b4 a5 13. b5 Bg4 14. bxc6 bxc6 15. Na4 Bxe2 16. Bxe2 Rc8 17. O-O N8d7 18. Bg4 Bxh2+ 19. Kxh2 Nxg4+ 20. Kh3 Ngf6
21. Kh2 Re4 22. Bg3 Nh5 23. Bd6 Ndf6 24. Bc5 Ng4+ 25. Kg1 Qh4 26. Rfb1 Qh2+ 27. Kf1 Qh1+ 28. Ke2 Qxg2 29. Kd3 Nxf2+
0-1

[Event "Euro 2008 "]
[Site "SchemingMind.com"]
[Date "2008.06.02"]
[Round "-"]
[White "Stephen"]
[Black "andy146"]
[Result "1-0"]
[WhiteCountry "ENG"]
[BlackCountry "POL"]
[WhiteElo "1815"]
[WhiteRD "123"]
[BlackElo "1622"]
[BlackRD "62"]
[GameID "157243"]

1. d4 e6 2. Nf3 c5 3. c3 cxd4 4. cxd4 Nf6 5. Nc3 Be7 6. Bg5 O-O 7. e3 b6 8. Be2 Bb7 9. O-O Nc6 10. Rc1 Rc8
11. a3 h6 12. Bh4 Qe8 13. Nb5 a6 14. Bxf6 Bxf6 15. Nd6
1-0

[Event "Euro 2008 "]
[Site "SchemingMind.com"]
[Date "2008.05.31"]
[Round "-"]
[White "Archon"]
[Black "Stephen"]
[Result "0-1"]
[WhiteCountry "CAN"]
[BlackCountry "ENG"]
[WhiteElo "1704"]
[WhiteRD "55"]
[BlackElo "1829"]
[BlackRD "97"]
[GameID "157244"]

1. e4 d5 2. exd5 Qxd5 3. Nc3 Qa5 4. g3 Nf6 5. Bg2 c6 6. Nf3 Bg4 7. O-O e6 8. h3 Bh5 9. a3 Nbd7 10. Rb1 Bd6
11. b4 Qc7 12. Bb2 O-O 13. Kh2 Rad8 14. Qe2 Bg6 15. d3 a6 16. Nh4 Bh5 17. Bf3 Bxf3 18. Nxf3 b5 19. Ne4 Nxe4 20. Qxe4 Be7
21. Qg4 Bf6 22. Ng5 Bxb2 23. Rxb2 Nf6 24. Qh4 Qe5 25. Rbb1 Qc3 26. Ne4 Nxe4 27. dxe4 c5 28. Rb3 Qxc2 29. Rf3 cxb4 30. axb4 Qb2
31. Rf4 Qxb4 32. e5 Qc3 33. Kg1 Qxe5 34. Rg4 Rd5 35. Qh6 g6 36. h4 Rfd8 37. Qc1 Qe2 38. Qf4 a5 39. Rg5 Rxg5 40. Qxg5 Qd3
41. h5 Qd5 42. Qf6 b4 43. h6 Qd4 44. Qg5 a4
0-1

[Event "Euro 2008 "]
[Site "SchemingMind.com"]
[Date "2008.06.01"]
[Round "-"]
[White "jesusch"]
[Black "Stephen"]
[Result "0-1"]
[WhiteCountry "ESP"]
[BlackCountry "ENG"]
[WhiteElo "1737"]
[WhiteRD "81"]
[BlackElo "1851"]
[BlackRD "99"]
[GameID "157245"]

1. e4 d5 2. exd5 Qxd5 3. Nc3 Qa5 4. d4 c6 5. Nf3 Nf6 6. Bd2 Bf5 7. Ne4 Qc7 8. Nxf6+ gxf6 9. Be3 e6 10. Qe2 Nd7
11. O-O-O O-O-O 12. h3 Bd6 13. Nd2 Rhg8 14. Nc4 Bf4 15. Bxf4 Qxf4+ 16. Rd2 Kb8 17. g3 Qc7 18. Bg2 Nb6 19. Ne3 Bg6 20. h4 h5
21. Qf3 f5 22. Re1 Rd7 23. Rdd1 Rgd8 24. c3 Nd5 25. Nxd5 cxd5 26. Kb1 f4+ 27. Ka1 Be4 28. Rxe4 dxe4 29. Qxe4 fxg3 30. fxg3 Qxg3
31. a3 Rg8 32. Bh1 Qg4 33. Qxg4 Rxg4 34. Bf3 Rxh4 35. Kb1 Rh3 36. Be4 Kc7 37. Rh1 Rxh1+ 38. Bxh1 b6
0-1

[Event "Euro 2008 "]
[Site "SchemingMind.com"]
[Date "2008.06.02"]
[Round "-"]
[White "andy146"]
[Black "Stephen"]
[Result "0-1"]
[WhiteCountry "POL"]
[BlackCountry "ENG"]
[WhiteElo "1622"]
[WhiteRD "62"]
[BlackElo "1815"]
[BlackRD "123"]
[GameID "157246"]

1. d4 d5 2. Nf3 Nf6 3. c4 c6 4. Nc3 dxc4 5. e4 b5 6. b3 cxb3 7. Qxb3 e6 8. Be2 Be7 9. O-O O-O 10. Be3 Nbd7
11. Rfc1 Bb7 12. a4 a6 13. axb5 cxb5 14. Nd2 b4 15. Na2 a5 16. f3 Rc8 17. Rxc8 Qxc8 18. Rc1 Qa8 19. Rc7 Rc8 20. Qc2 Rxc7
21. Qxc7 Bd8 22. Qd6 Qc8 23. e5 Ne8
0-1

[Event "Euro 2008 "]
[Site "SchemingMind.com"]
[Date "2008.05.31"]
[Round "-"]
[White "tiggeronvrb"]
[Black "Stephen"]
[Result "1/2-1/2"]
[WhiteCountry "SCO"]
[BlackCountry "ENG"]
[WhiteElo "1816"]
[WhiteRD "55"]
[BlackElo "1815"]
[BlackRD "123"]
[GameID "157248"]

1. e4 d5 2. exd5 Qxd5 3. Nc3 Qa5 4. Bc4 Nf6 5. d4 c6 6. Nf3 Bf5 7. Bd2 Nbd7 8. O-O e6 9. Re1 Bb4 10. a3 Bxc3
11. Bxc3 Qc7 12. b4 O-O 13. h3 b6 14. Bd2 Rfd8 15. c3 Ne4 16. Re3 Nxd2 17. Qxd2 Nf6 18. Ne5 c5 19. Rc1 cxd4 20. cxd4 Qd6
21. Rd1 Rac8 22. f3 Nd7 23. Bb3 Nxe5 24. Rxe5 Rc7 25. g4 Bg6 26. Kg2 Rcd7 27. Re3 Qxd4 28. Qxd4 Rxd4 29. Rxd4 Rxd4 30. Kg3 h6
31. f4 Kf8 32. Kf3 Rd3 33. Rxd3 Bxd3 34. Ke3 Ba6 35. h4 Ke7 36. Kd4 Kd6 37. g5 f6 38. Bc2 hxg5 39. hxg5 Bb7 40. gxf6 gxf6
41. Bd3 Bd5 42. Bc2 e5+ 43. fxe5+ fxe5+ 44. Ke3 a5 45. Bd3 Kc6 46. Be2 Kd6=
1/2-1/2

[Event "Euro 2008 "]
[Site "SchemingMind.com"]
[Date "2008.05.31"]
[Round "-"]
[White "tiggeronvrb"]
[Black "Archon"]
[Result "1-0"]
[WhiteCountry "SCO"]
[BlackCountry "CAN"]
[WhiteElo "1816"]
[WhiteRD "55"]
[BlackElo "1788"]
[BlackRD "59"]
[GameID "157249"]

1. e4 d6 2. f4 d5 3. exd5 Nf6 4. Nf3 Nxd5 5. d4 Bg4 6. Be2 e6 7. O-O Bd6 8. Ne5 Bxe2 9. Qxe2 O-O 10. c4 Nf6
11. Nc3 Nbd7 12. b3 c5 13. d5 exd5 14. Nxd5 Nxd5 15. cxd5 Nf6 16. Bb2 Nxd5 17. Rad1 Nb4 18. Nc4 Re8 19. Qg4 Re6 20. Qxg7#
1-0

[Event "Euro 2008 "]
[Site "SchemingMind.com"]
[Date "2008.06.01"]
[Round "-"]
[White "tiggeronvrb"]
[Black "jesusch"]
[Result "0-1"]
[WhiteCountry "SCO"]
[BlackCountry "ESP"]
[WhiteElo "1816"]
[WhiteRD "55"]
[BlackElo "1817"]
[BlackRD "88"]
[GameID "157250"]

1. e4 c5 2. d4 cxd4 3. c3 dxc3 4. Nxc3 Nc6 5. Bc4 Nf6 6. Nf3 e6 7. e5 Ng4 8. Bf4 Bc5 9. O-O O-O 10. Qe2 f6
11. Rad1 Qc7 12. Nb5 Qb8 13. h3 Ngxe5 14. Rfe1 a6 15. Nc3 Qa7 16. Bb3 d5 17. Bg3 Nxf3+ 18. Qxf3 Nd4
0-1

[Event "Euro 2008 "]
[Site "SchemingMind.com"]
[Date "2008.06.02"]
[Round "-"]
[White "tiggeronvrb"]
[Black "andy146"]
[Result "1-0"]
[WhiteCountry "SCO"]
[BlackCountry "POL"]
[WhiteElo "1816"]
[WhiteRD "55"]
[BlackElo "1622"]
[BlackRD "62"]
[GameID "157251"]

1. e4 e6 2. c4 d5 3. cxd5 exd5 4. exd5 Qxd5 5. Nc3 Qa5 6. Nf3 Nf6 7. Bc4 Be7 8. O-O O-O 9. d4 Bg4 10. Bd2 Rd8
11. Nd5 Bxf3 12. Nxe7+ Kf8 13. Bxa5 Bxd1 14. Bb4 Ke8 15. Raxd1 Nc6 16. Nxc6 bxc6 17. Rfe1+ Kd7 18. Bxf7 Nd5 19. Be6+
1-0

[Event "Euro 2008 "]
[Site "SchemingMind.com"]
[Date "2008.05.31"]
[Round "-"]
[White "Stephen"]
[Black "tiggeronvrb"]
[Result "0-1"]
[WhiteCountry "ENG"]
[BlackCountry "SCO"]
[WhiteElo "1815"]
[WhiteRD "123"]
[BlackElo "1816"]
[BlackRD "55"]
[GameID "157252"]

1. d4 d5 2. c4 c6 3. Nc3 Nf6 4. Nf3 e6 5. Bg5 Nbd7 6. cxd5 exd5 7. e3 Be7 8. Bd3 O-O 9. O-O Re8 10. Qc2 h6
11. Bh4 Nf8 12. Bxf6 Bxf6 13. b4 Bg4 14. Nd2 Rc8 15. a4 b6 16. Qb3 Ne6 17. b5 c5 18. Nxd5 cxd4 19. Nxf6+ Qxf6 20. exd4 Qxd4
21. Qb1 Nf4 22. Bh7+ Kh8 23. Nb3 Qd5 24. f3 Be6 25. Bc2 Rxc2 26. Qxc2 Qxb3 27. Qc7 Qb4 28. Qxa7 Qc5+ 29. Kh1 Nd3 30. h3 Nf2+
31. Kh2 Qe5+ 32. Kg1 Nxh3+ 33. Kh1 Nf4 34. Qxb6 Qg5 35. Qf2 Bc4 36. Rfe1 Qh5+ 37. Kg1 Ne2+ 38. Rxe2 Rxe2 39. Qd4 Qg5 40. g4 Qh4
0-1

[Event "Euro 2008 "]
[Site "SchemingMind.com"]
[Date "2008.06.01"]
[Round "-"]
[White "Archon"]
[Black "tiggeronvrb"]
[Result "1-0"]
[WhiteCountry "CAN"]
[BlackCountry "SCO"]
[WhiteElo "1788"]
[WhiteRD "59"]
[BlackElo "1816"]
[BlackRD "55"]
[GameID "157253"]

1. e4 c6 2. d4 d5 3. f3 dxe4 4. fxe4 e5 5. Nf3 Bg4 6. Bc4 Nf6 7. Bxf7+ Ke7 8. Bb3 Nbd7 9. O-O Qb6 10. Kh1 Re8
11. Nc3 Kd8 12. Bg5 Kc8 13. Qd2 Bb4 14. Rad1 Nxe4 15. Qc1 Bxf3 16. Rxf3 Bxc3 17. bxc3 h6 18. Be3 Nxc3 19. dxe5 Qc7 20. Rxd7 Qxd7
21. e6 Qc7 22. Rf7 Qe5 23. Bf4 Qh5 24. e7 g5 25. Be6#
1-0

[Event "Euro 2008 "]
[Site "SchemingMind.com"]
[Date "2008.06.01"]
[Round "-"]
[White "jesusch"]
[Black "tiggeronvrb"]
[Result "0-1"]
[WhiteCountry "ESP"]
[BlackCountry "SCO"]
[WhiteElo "1790"]
[WhiteRD "81"]
[BlackElo "1851"]
[BlackRD "59"]
[GameID "157254"]

1. e4 c6 2. d4 d5 3. exd5 cxd5 4. Nf3 Nc6 5. c3 Bg4 6. Nbd2 Nf6 7. Qb3 Qc7 8. h3 Bh5 9. g4 Bg6 10. g5 Ne4
11. Qxd5 e6 12. Qb5 a6 13. Qe2 Nd6 14. d5 Nd8 15. dxe6 Nxe6 16. Nd4 O-O-O 17. Nxe6 fxe6 18. Qxe6+ Kb8 19. Qg4 Re8+ 20. Kd1 Ne4
21. Nxe4 Rxe4 22. Qg3 Bd6 23. Qg2 Rd8 24. Be3 Bf4+ 25. Kc1 Rxe3
0-1

[Event "Euro 2008 "]
[Site "SchemingMind.com"]
[Date "2008.06.02"]
[Round "-"]
[White "andy146"]
[Black "tiggeronvrb"]
[Result "1-0"]
[WhiteCountry "POL"]
[BlackCountry "SCO"]
[WhiteElo "1622"]
[WhiteRD "62"]
[BlackElo "1816"]
[BlackRD "55"]
[GameID "157255"]

1. d4 d5 2. Nf3 Nf6 3. c4 c6 4. Bg5 Nbd7 5. Nc3 e6 6. e3 Be7 7. Rc1 O-O 8. Be2 dxc4 9. Bxc4 Nb6 10. Bb3 Nfd5
11. Bxe7 Qxe7 12. O-O Nd7 13. e4 Nxc3 14. Rxc3 c5 15. Qc2 cxd4 16. Nxd4 e5 17. Nb5 Nf6 18. Nc7 Rb8 19. Nd5 Nxd5 20. Bxd5 Be6
21. Rc7 Qg5 22. Bxe6 fxe6 23. Qb3 Qh4 24. Qxe6+ Kh8 25. Qxe5 Rbe8 26. Qxg7#
1-0

[Event "Euro 2008 "]
[Site "SchemingMind.com"]
[Date "2008.05.31"]
[Round "-"]
[White "bodek77"]
[Black "Stephen"]
[Result "1/2-1/2"]
[WhiteCountry "POL"]
[BlackCountry "ENG"]
[WhiteElo "1934"]
[WhiteRD "71"]
[BlackElo "1829"]
[BlackRD "97"]
[GameID "157296"]

1. e4 d5 2. exd5 Qxd5 3. Nc3 Qa5 4. Nf3 Nf6 5. Bc4 Bg4 6. h3 Bxf3 7. Qxf3 c6 8. O-O e6 9. d4 Bd6 10. Ne4 Nxe4
11. Qxe4 O-O 12. Qg4 Qd8 13. Bg5 Be7 14. Bh6 Bf6 15. Bd3 Qxd4 16. Qxd4 Bxd4 17. Bc1 Rd8 18. Rd1 Bf6 19. c3 Nd7 20. Be3 Ne5
21. Be4 Rxd1+ 22. Rxd1 Nc4 23. Rd7 Nxe3 24. fxe3 Rb8 25. Kf2 h6 26. Kf3= Kf8 27. g4 Ke8 28. Rd3 Rd8 29. Rxd8+ Kxd8 30. Ke2 Kd7
31. Kd3 Bg5 32. b4 a6 33. a4 Kd6 34. b5= axb5 35. axb5 Kc5 36. bxc6 bxc6 37. c4 Kd6 38. Ke2 c5 39. Kf3 Ke5 40. Bb7 f5
41. gxf5 exf5 42. e4 fxe4+=
1/2-1/2

[Event "Euro 2008 "]
[Site "SchemingMind.com"]
[Date "2008.05.31"]
[Round "-"]
[White "bodek77"]
[Black "Archon"]
[Result "1-0"]
[WhiteCountry "POL"]
[BlackCountry "CAN"]
[WhiteElo "1934"]
[WhiteRD "71"]
[BlackElo "1704"]
[BlackRD "55"]
[GameID "157297"]

1. e4 d6 2. d4 Nf6 3. Nc3 g6 4. Bc4 Bg7 5. Nf3 O-O 6. O-O Nxe4 7. Nxe4 d5 8. Ned2 dxc4 9. Nxc4 Nd7 10. Bf4 b6
11. Re1 Bb7 12. c3 c5 13. d5 Nf6 14. d6 Bxf3 15. Qxf3 exd6 16. Bxd6 Re8 17. Be7 Rxe7 18. Rxe7 Qxe7 19. Qxa8+ Ne8 20. Kf1 Qe6
21. Nd6 Qxd6 22. Qxe8+ Qf8 23. Qd7 Qb8 24. Kg1 Qe5 25. Qxa7 Qd6 26. Re1 Qd2 27. Qa8+ Bf8 28. Qe4 Qxb2 29. Qc4 Qd2 30. Rf1 Bg7
31. Qb5 Qxa2 32. Qxb6 Bxc3 33. Qxc5 Bg7 34. Qe3 Qb2 35. h3 h6 36. g3 Qd4 37. Qxd4 Bxd4 38. Rd1 Bf6 39. f4 Bg7 40. Kg2 Bf8
41. g4 Kg7 42. Kg3 Be7 43. Re1 Bd6 44. Kf3 Bb4 45. Re2 Bc3 46. f5 g5 47. Ke4 Kh7 48. Kd5 Bg7 49. Kd6 Bf6 50. Kd7 Bg7
51. Ke8 Kg8 52. Re7 f6 53. Rf7 Kh8 54. Ke7 Kg8 55. Ke6 Bh8 56. Rxf6 Bxf6 57. Kxf6 Kh7 58. Kf7 h5 59. gxh5 g4 60. hxg4 Kh6
61. Kf6 Kh7 62. g5 Kg8 63. g6 Kf8 64. h6 Kg8 65. g7 Kh7 66. Kf7 Kxh6 67. g8=Q Kh5 68. Ke7
1-0

[Event "Euro 2008 "]
[Site "SchemingMind.com"]
[Date "2008.05.31"]
[Round "-"]
[White "bodek77"]
[Black "tiggeronvrb"]
[Result "0-1"]
[WhiteCountry "POL"]
[BlackCountry "SCO"]
[WhiteElo "1900"]
[WhiteRD "76"]
[BlackElo "1816"]
[BlackRD "55"]
[GameID "157298"]

1. e4 c6 2. Nf3 d5 3. exd5 cxd5 4. d4 Nc6 5. c4 e6 6. Nc3 Nf6 7. Bg5 Be7 8. Bd3 O-O 9. O-O dxc4 10. Bxc4 Bd7
11. d5 exd5 12. Nxd5 Nxd5 13. Qxd5 Be6 14. Qxd8 Raxd8 15. Bxe6 fxe6 16. Bxe7 Nxe7 17. Rfe1 Rf6 18. Ng5 h6 19. Nxe6 Rd2 20. Nc5 Rfxf2
21. Rxe7 Rxg2+ 22. Kf1 Rxh2 23. Ke1 Rxb2 24. Kd1 Rbd2+ 25. Ke1 Rc2 26. Kd1 Rxc5 27. Re1 Rcc2 28. a3 Rhd2#
0-1

[Event "Euro 2008 "]
[Site "SchemingMind.com"]
[Date "2008.06.01"]
[Round "-"]
[White "bodek77"]
[Black "jesusch"]
[Result "1-0"]
[WhiteCountry "POL"]
[BlackCountry "ESP"]
[WhiteElo "1914"]
[WhiteRD "70"]
[BlackElo "1737"]
[BlackRD "81"]
[GameID "157299"]

1. Nf3 Nf6 2. Nc3 g6 3. e4 d5 4. e5 Ne4 5. Nxe4 dxe4 6. Ng5 Bg7 7. Nxe4 Bxe5 8. Bc4 Nc6 9. Qf3 f5 10. Ng5 Bf6
11. Nf7 Qd4 12. d3 Rf8 13. c3 Qd7 14. Ng5 Ne5 15. Qe2 Nxc4 16. dxc4 e5 17. O-O Qe7 18. Nf3 e4 19. Nd4 c5 20. Nc2 Be6
21. Bd2 Rd8 22. Rfd1 Kf7 23. Rab1 b6 24. b4 Rd7 25. bxc5 Qxc5 26. Be3 Qxc4 27. Rxd7+ Kg8 28. Qxc4 Bxc4 29. Rxa7 b5 30. Na3 Bd3
31. Rb3 Rb8 32. c4 b4 33. c5 Bc3 34. c6 Rc8 35. c7 Be5 36. Rxb4 Rxc7 37. Rb8+ Kg7 38. Rxc7+ Bxc7 39. Rb7
1-0

[Event "Euro 2008 "]
[Site "SchemingMind.com"]
[Date "2008.06.02"]
[Round "-"]
[White "bodek77"]
[Black "andy146"]
[Result "1-0"]
[WhiteCountry "POL"]
[BlackCountry "POL"]
[WhiteElo "1900"]
[WhiteRD "76"]
[BlackElo "1622"]
[BlackRD "62"]
[GameID "157300"]

1. e4 e6 2. Nf3 d5 3. exd5 exd5 4. d4 Nf6 5. c4 dxc4 6. Bxc4 Be7 7. O-O O-O 8. Nc3 Bg4 9. h3 Bxf3 10. Qxf3 c6
11. d5 Qc7 12. Bf4 Bd6 13. Bxd6 Qxd6 14. Ne4 Nxe4 15. Qxe4 Rd8 16. Rad1 cxd5 17. Rxd5 Qc7 18. Rxd8+ Qxd8 19. Qxb7
1-0

[Event "Euro 2008 "]
[Site "SchemingMind.com"]
[Date "2008.05.31"]
[Round "-"]
[White "Stephen"]
[Black "bodek77"]
[Result "0-1"]
[WhiteCountry "ENG"]
[BlackCountry "POL"]
[WhiteElo "1829"]
[WhiteRD "97"]
[BlackElo "1934"]
[BlackRD "71"]
[GameID "157301"]

1. d4 d5 2. c4 Bf5 3. Nc3 e6 4. cxd5 exd5 5. Qb3 Nc6 6. Nf3 Nb4 7. e4 dxe4 8. Ne5 Be6 9. Bc4 Nd3+ 10. Nxd3 exd3
11. Bxe6 fxe6 12. Qxe6+ Qe7 13. Qxe7+ Bxe7 14. Be3 O-O-O 15. O-O Nf6 16. Rfd1 Nd5 17. Nxd5 Rxd5 18. Rxd3 Bf6 19. Rc1 Rhd8 20. Rcd1 c5
21. Kf1 cxd4 22. Bf4 Rc5 23. Rc1 b6 24. b4 Rxc1+ 25. Bxc1 Kc7 26. Ke2 Kc6 27. Bb2 Kb5 28. a3 Re8+ 29. Kd2 Kc4 30. g3 Bg5+
31. f4 Bf6 32. Ba1 Re3
0-1

[Event "Euro 2008 "]
[Site "SchemingMind.com"]
[Date "2008.05.31"]
[Round "-"]
[White "Archon"]
[Black "bodek77"]
[Result "0-1"]
[WhiteCountry "CAN"]
[BlackCountry "POL"]
[WhiteElo "1704"]
[WhiteRD "55"]
[BlackElo "1934"]
[BlackRD "71"]
[GameID "157302"]

1. e4 c5 2. Na3 Nc6 3. Bb5 Nf6 4. Bxc6 bxc6 5. d3 e5 6. Nf3 Qc7 7. Nc4 d6 8. Bg5 Be7 9. Bxf6 Bxf6 10. Ne3 O-O
11. O-O Ba6 12. c4 Rab8 13. b3 Bb7 14. g4 h6 15. h4 Qd8 16. Kh2 Bxh4 17. Nf5 Bf6 18. Kg2 d5 19. Rh1 dxe4 20. dxe4 Bc8
21. Qg1 Bxf5 22. gxf5 Qd3 23. Re1 Kh7 24. Re3 Qd8 25. Qh2 Bg5 26. Ree1 Bf4 27. Qh5 Rb6 28. Rd1 Qf6 29. Rdg1 Ra6 30. Ra1 g6
31. Qh3 Rg8 32. Kf1 gxf5 33. exf5 e4 34. Rd1 exf3 35. Qxf3 Bg5 36. Rd7 Rxa2 37. Rh5 Ra1+ 38. Kg2 Bf4+ 39. Kh3 Rg5
0-1

[Event "Euro 2008 "]
[Site "SchemingMind.com"]
[Date "2008.05.31"]
[Round "-"]
[White "tiggeronvrb"]
[Black "bodek77"]
[Result "0-1"]
[WhiteCountry "SCO"]
[BlackCountry "POL"]
[WhiteElo "1816"]
[WhiteRD "55"]
[BlackElo "1900"]
[BlackRD "76"]
[GameID "157303"]

1. e4 e5 2. Bc4 Nf6 3. d3 Nc6 4. f4 d6 5. Nf3 Bg4 6. c3 Qd7 7. Be3 O-O-O 8. Nbd2 d5 9. exd5 Nxd5 10. Bxd5 Qxd5
11. fxe5 Qxd3 12. Qe2 Qxe2+ 13. Kxe2 Nxe5 14. Bd4 Re8 15. Kf2 Nd3+ 16. Kg3 Bxf3 17. Kxf3 Nxb2 18. Rab1 Nd3 19. Rhd1 Nc5 20. Nc4 b6
21. Ne5 Bd6 22. Nc4 f6 23. Nxd6+ cxd6 24. Rb2 Ne4 25. a4 Ng5+ 26. Kf2 Ne6 27. Be3 Nc5 28. a5 Kc7 29. axb6+ axb6 30. Bf4 Rd8
31. Kf3 Rhe8 32. Rdb1 Rb8 33. Rd1 Red8 34. Rbd2 Nb7 35. g4 Rd7 36. h4 g6 37. Re1 Nc5 38. Red1 Rbd8 39. Re2 Kc6 40. Re6 Nxe6
0-1

[Event "Euro 2008 "]
[Site "SchemingMind.com"]
[Date "2008.06.02"]
[Round "-"]
[White "jesusch"]
[Black "bodek77"]
[Result "0-1"]
[WhiteCountry "ESP"]
[BlackCountry "POL"]
[WhiteElo "1790"]
[WhiteRD "81"]
[BlackElo "1934"]
[BlackRD "71"]
[GameID "157304"]

1. e4 e5 2. Nf3 d6 3. Nc3 Nf6 4. d4 exd4 5. Nxd4 d5 6. Bg5 Be7 7. Bxf6 Bxf6 8. Nxd5 c5 9. Nxf6+ Qxf6 10. Nb5 O-O
11. Nc7 Rd8 12. Qc1 Qe5 13. Nxa8 Qxe4+ 14. Qe3 Qc6 15. Be2 Bf5 16. Rd1 Re8 17. Nc7 Rxe3 18. fxe3 Qxc7 19. O-O Bxc2
0-1

[Event "Euro 2008 "]
[Site "SchemingMind.com"]
[Date "2008.06.02"]
[Round "-"]
[White "andy146"]
[Black "bodek77"]
[Result "0-1"]
[WhiteCountry "POL"]
[BlackCountry "POL"]
[WhiteElo "1618"]
[WhiteRD "62"]
[BlackElo "1934"]
[BlackRD "71"]
[GameID "157305"]

1. d4 d5 2. Nf3 Nf6 3. c4 dxc4 4. Nc3 Nc6 5. Bg5 h6 6. Bh4 Bf5 7. e3 e6 8. Bxc4 Bb4 9. O-O O-O 10. a3 Bxc3
11. bxc3 Na5 12. Bxf6 Qxf6 13. Ba2 Qg6 14. Ne5 Qg5 15. Qf3 Nc6 16. Nxc6 bxc6 17. e4 Bg4 18. Qg3 Be2 19. Qxg5 hxg5 20. Rfe1 Bb5
21. Rab1 Rab8 22. e5 Bd3 23. Rb4 a5 24. Rxb8 Rxb8 25. h3 Rb2 26. Rd1 Be2
0-1